[Event "GER-chT U18 Girls"]
[Site "Karlsruhe"]
[Date "2015.05.10"]
[Round "7.3"]
[White "Albrecht, Marie"]
[Black "Gentil, Verena"]
[Result "1-0"]
[WhiteElo "991"]
[BlackElo "935"]
[PlyCount "51"]
[EventDate "2015.05.07"]
[EventType "team-swiss"]
[EventRounds "7"]
[EventCountry "GER"]
[SourceTitle "EXT 2017"]
[Source "ChessBase"]
[SourceDate "2016.10.25"]
[SourceVersion "1"]
[SourceVersionDate "2016.10.25"]
[SourceQuality "1"]
[WhiteTeam "Gadebusch Gymn (W)"]
[BlackTeam "Aschaffenburg MWS (W)"]
[WhiteTeamCountry "GER"]
[BlackTeamCountry "GER"]

1. e4 e5 2. Nf3 Nc6 3. Bb5 Bc5 4. Bxc6 bxc6 5. 0-0 Nf6 6. d4 exd4 7. Nxd4 0-0 8. Re1 h6 9. c3 Bxd4 10. cxd4 d6 11. Qf3 Re8 12. e5 dxe5 13. dxe5 Qd5 14. Qg3 Ba6 15. Bxh6 Nh5 16. Qg5 g6 17. Nc3 Qd4 18. Ne4 Qd8 19. Nf6+ Nxf6 20. exf6 Rxe1+ 21. Rxe1 Qd5 22. Qh4 Qh5 23. Qf4 Qf5 24. Qb4 Qxf6 25. Re7 Rd8 26. h3 1-0

[Event "GER-chT U18 Girls"]
[Site "Karlsruhe"]
[Date "2015.05.09"]
[Round "4.4"]
[White "Buhle, Jasmin"]
[Black "Gentil, Verena"]
[Result "0-1"]
[WhiteElo "960"]
[BlackElo "935"]
[PlyCount "85"]
[EventDate "2015.05.07"]
[EventType "team-swiss"]
[EventRounds "7"]
[EventCountry "GER"]
[SourceTitle "EXT 2017"]
[Source "ChessBase"]
[SourceDate "2016.10.25"]
[SourceVersion "1"]
[SourceVersionDate "2016.10.25"]
[SourceQuality "1"]
[WhiteTeam "Koethen Ludwigs (W)"]
[BlackTeam "Aschaffenburg MWS (W)"]
[WhiteTeamCountry "GER"]
[BlackTeamCountry "GER"]

1. e4 e5 2. Nf3 Nc6 3. Bc4 Bc5 4. Nc3 Nf6 5. d3 h6 6. 0-0 0-0 7. Bd2 d6 8. h3 Qe7 9. Nh2 Be6 10. Qf3 Bxc4 11. dxc4 Nd4 12. Qg3 Nh5 13. Qg4 Nf4 14. Bxf4 exf4 15. Qxf4 Qe6 16. Rac1 Bb4 17. Qd2 Qxc4 18. Rfe1 Nb5 19. Re3 Qxa2 20. Rg3 Qxb2 21. Rb1 Bxc3 22. Rxb2 Bxd2 23. Rxb5 b6 24. Rd5 Bb4 25. Ng4 g6 26. Nf6+ Kg7 27. Rf5 a5 28. Nd5 Rac8 29. Nxb4 axb4 30. Rb5 c5 31. Rxb6 Rfd8 32. Rd3 Ra8 33. Rdxd6 Rxd6 34. Rxd6 Ra1+ 35. Kh2 Rc1 36. Rb6 Rxc2 37. f3 Rd2 38. Rb5 c4 39. Rxb4 c3 40. Rc4 c2 41. Kg3 h5 42. f4 Rd3+ 43. Kh4 0-1